000 00532nam a2200181Ia 4500
005 20250326124656.0
008 250326s9999 xx 000 0 und d
037 _aTextbook
040 _aFMSL
_beng
_cFMSL
041 _aeng
_2eng
084 _aX:87 K72
_qFMSL
100 _aFamukaro J J
_9737769
245 0 _aExecutive profile
_cFamukaro J J; Atkinson P S
260 _aNY
_bNY, Dapartment of Businesss Education School of Education
_c1967
300 _a372p
942 _cTB
_hX:87 K72
999 _c1274697
_d1274697